000 00469nam a2200181Ia 4500
008 240925s9999 xx 000 0 und d
020 _a9783540357803
082 _a629.8 SIV
100 _aSivanandam, S. N.; Sumathi, S.
245 0 _aIntroduction to Fuzzy Logic Using MATLAB
250 _aNA
260 _aNew York:
_bSpringer
_c,2007.
300 _a524p.
_bNA
_fOriginal
500 _aNA
600 _aElectronic Engineering
650 _aTechnology
942 _cBK
999 _c9845
_d9845